| 000 | 00623nam a2200181Ia 4500 | ||
|---|---|---|---|
| 001 | 11898 | ||
| 005 | 20260306162902.0 | ||
| 008 | 260306t2024||||xx |||||||||||||| ||spa|| | ||
| 041 | _aESP | ||
| 082 |
_aHR 289 _bV. 40 N° 3 ANTHROPOTES |
||
| 110 | _aPontificio Istituto Teologico Giovanni Paolo II per le Scienze del Matrimonio e della Famiglia | ||
| 245 | 0 |
_aAnthropotes : _brivista ufficiale del Pontificio Istituto Teologico Giovanni Paolo II per le Scienze del Matrimonio e della Famiglia |
|
| 260 | _c2024 | ||
| 300 |
_apáginas 326-512 : _c24 cm. |
||
| 650 | _aGEN | ||
| 654 | _aCHU | ||
| 942 |
_cREV _dJUS _fJUS _2ddc _n |
||
| 999 |
_c11898 _d11898 |
||